Aktive NBA-Spieler aus Deutschland - Statistiken

Allgemein
  • Dieses Quiz wurde 306 mal gespielt
    165 seit der letzten Aktualisierung
  • Das Durchschnittsergebnis liegt bei 6 aus 8
Antwortstatistiken
Hint Antwort % Korrekt
Orlando Magic Franz Wagner
99%
Orlando Magic Moritz Wagner
99%
Golden State Warriors Dennis Schröder
95%
Oklahoma City Thunder Isaiah Hartenstein
87%
Orlando Magic Tristan da Silva
74%
New Orleans Pelicans Daniel Theis
64%
Los Angeles Lakers Maxi Kleber
63%
New York Knicks Ariel Hukporti
43%
Keine übereinstimmenden Quizze gefunden
Verteilung der Resultate
Anzahl Personen mit jedem Resultat
Perzentil nach korrekt beantworteten Fragen
Ihre Resultats-Entwicklung
Sie haben dieses Quiz seit der letzten Aktualisierung nicht gespielt